000 00721nam a2200181Ia 4500
008 090123s9999 xx 000 0 und d
082 _b34806
100 _aगोडबोले रविंद्र
245 _aऔरंगजेब शक्यता आणि शोकांतिका
250 _a1
260 _bदेशमुख आणि मंडळी
_c2002
300 _a228
600 _aगोडबोले रविंद्र
630 _aऔरंगजेब शक्यता आणि शोकांतिका
700 _aगोडबोले रविंद्र
730 _aऔरंगजेब शक्यता आणि शोकांतिका
942 _cBOOK
999 _c72864
_d72864